Normal view
MARC view
- Democracia
Entry Materia
001 - NÚMERO DE CONTROL DEL REGISTRO
- campo de control: 13249
003 - IDENTIFICADOR DE NUMERO DE CONTROL
- campo de control: UPN
005 - FECHA Y HORA DE LA ÚLTIMA TRANSACCIÓN
- campo de control: 20231016134656.0
008 - DATOS DE LONGITUD FIJA
- campo de control de longitud fija: 230519nn fnnnnbabn | ana |d
035 ## - NÚMERO DE CONTROL DEL SISTEMA
- Número de control del sistema: UPN10000013257
040 ## - FUENTE DE LA CATALOGACIÓN
- Centro catalogador de origen: MX-MxUPN
- Lengua de catalogación: spa
046 ## - FECHAS CON CODIFICACIÓN ESPECIAL
- Fecha final para contenidos agregados: 2023
150 ## - ENCABEZAMIENTO - TEMÁTICO
- Término de materia o nombre geográfico como elemento inicial: Democracia
- Subdivisión geográfica: México
670 ## - FUENTE EN LA QUE SE LOCALIZARON DATOS
- Cita de la fuente: LC Authorities, 19 mayo 2023:
- Información localizada: (Democracy - Mexico)
- Identificador Uniforme del Recurso: https://lccn.loc.gov/sh2008102159
902 ## - CATALOGADOR
- Catalogador: LG/190997
- Catalogador: VíctorGodínez/190523
